[Event "ODJM B 2024"]
[Site "Willingen GER"]
[Date "2024.05.21"]
[Round "4"]
[White "Klein, Tristan"]
[Black "Reif, Karla"]
[Result "1-0"]
[Termination "normal"]
[Board "46"]
[WhiteElo "1701"]
[BlackElo "1701"]
[WhiteClock "00:39:10"]
[BlackClock "00:21:25"]
[PlyCount "95"]
[WhiteFideId "34621210"]
[BlackFideId "12971871"]
[EventCountry "GER"]
[EventRounds "9"]
[EventType "swiss"]
[EventDate "2024.05.18"]

1. e4 {[%clk 01:30:57]} {[%emt 00:00:03]} c6 {[%clk 01:30:58]} {[%emt
00:00:03]} 2. d4 {[%clk 01:31:22]} {[%emt 00:00:04]} d5 {[%clk 01:31:25]}
{[%emt 00:00:04]} 3. Nc3 {[%clk 01:31:43]} {[%emt 00:00:08]} dxe4 {[%clk
01:31:39]} {[%emt 00:00:16]} 4. Nxe4 {[%clk 01:32:06]} {[%emt 00:00:07]} Bf5
{[%clk 01:31:30]} {[%emt 00:00:39]} 5. Ng3 {[%clk 01:31:58]} {[%emt 00:00:37]}
Bg6 {[%clk 01:31:51]} {[%emt 00:00:10]} 6. h4 {[%clk 01:32:08]} {[%emt
00:00:20]} h6 {[%clk 01:32:18]} {[%emt 00:00:04]} 7. Nf3 {[%clk 01:32:32]}
{[%emt 00:00:05]} Nd7 {[%clk 01:32:43]} {[%emt 00:00:06]} 8. Bd3 {[%clk
01:32:05]} {[%emt 00:00:56]} Bxd3 {[%clk 01:32:53]} {[%emt 00:00:21]} 9. Qxd3
{[%clk 01:32:26]} {[%emt 00:00:09]} e6 {[%clk 01:33:16]} {[%emt 00:00:07]} 10.
O-O {[%clk 01:30:37]} {[%emt 00:02:17]} Ngf6 {[%clk 01:32:38]} {[%emt
00:01:09]} 11. Re1 {[%clk 01:28:22]} {[%emt 00:02:45]} Bd6 {[%clk 01:32:49]}
{[%emt 00:00:20]} 12. Nf5 {[%clk 01:26:06]} {[%emt 00:02:45]} Be7 {[%clk
01:28:28]} {[%emt 00:04:52]} 13. Nxe7 {[%clk 01:17:53]} {[%emt 00:08:43]} Qxe7
{[%clk 01:28:53]} {[%emt 00:00:05]} 14. b3 {[%clk 01:16:37]} {[%emt 00:01:46]}
O-O-O {[%clk 01:24:06]} {[%emt 00:05:17]} 15. Bf4 {[%clk 01:13:17]} {[%emt
00:03:50]} g5 {[%clk 01:22:56]} {[%emt 00:01:40]} 16. hxg5 {[%clk 01:12:03]}
{[%emt 00:01:44]} hxg5 {[%clk 01:20:27]} {[%emt 00:02:59]} 17. Bxg5 {[%clk
01:10:09]} {[%emt 00:02:23]} Rdg8 {[%clk 01:04:54]} {[%emt 00:16:03]} 18. b4
{[%clk 01:07:06]} {[%emt 00:03:34]} Qxb4 {[%clk 00:54:01]} {[%emt 00:11:23]}
19. Reb1 {[%clk 01:06:51]} {[%emt 00:00:46]} Qd6 {[%clk 00:51:39]} {[%emt
00:02:52]} 20. g3 {[%clk 01:03:30]} {[%emt 00:03:50]} Ng4 {[%clk 00:45:03]}
{[%emt 00:07:04]} 21. Qb3 {[%clk 00:57:39]} {[%emt 00:06:22]} Qc7 {[%clk
00:43:28]} {[%emt 00:02:05]} 22. Bf4 {[%clk 00:57:09]} {[%emt 00:01:00]} e5
{[%clk 00:42:50]} {[%emt 00:01:09]} 23. dxe5 {[%clk 00:57:28]} {[%emt
00:00:12]} Qb6 {[%clk 00:35:25]} {[%emt 00:07:55]} 24. Qxb6 {[%clk 00:54:56]}
{[%emt 00:03:02]} Nxb6 {[%clk 00:35:52]} {[%emt 00:00:02]} 25. a4 {[%clk
00:53:15]} {[%emt 00:02:11]} Nd5 {[%clk 00:34:24]} {[%emt 00:01:58]} 26. Bd2
{[%clk 00:51:19]} {[%emt 00:02:24]} Re8 {[%clk 00:32:48]} {[%emt 00:02:06]} 27.
a5 {[%clk 00:50:29]} {[%emt 00:01:21]} Nxe5 {[%clk 00:32:08]} {[%emt 00:01:11]}
28. Nxe5 {[%clk 00:50:56]} {[%emt 00:00:02]} Rxe5 {[%clk 00:32:04]} {[%emt
00:00:33]} 29. c4 {[%clk 00:51:16]} {[%emt 00:00:10]} Re2 {[%clk 00:32:26]}
{[%emt 00:00:08]} 30. Be1 {[%clk 00:48:40]} {[%emt 00:03:07]} Nc7 {[%clk
00:32:08]} {[%emt 00:00:48]} 31. Rb3 {[%clk 00:47:05]} {[%emt 00:02:04]} Na6
{[%clk 00:26:19]} {[%emt 00:06:20]} 32. Bc3 {[%clk 00:44:03]} {[%emt 00:03:31]}
Nc5 {[%clk 00:23:52]} {[%emt 00:02:58]} 33. Rxb7 {[%clk 00:42:26]} {[%emt
00:02:07]} Kxb7 {[%clk 00:23:07]} {[%emt 00:01:16]} 34. Bxh8 {[%clk 00:42:53]}
{[%emt 00:00:02]} Ne4 {[%clk 00:22:27]} {[%emt 00:01:09]} 35. a6+ {[%clk
00:42:08]} {[%emt 00:01:15]} Ka8 {[%clk 00:20:50]} {[%emt 00:02:08]} 36. Rd1
{[%clk 00:38:37]} {[%emt 00:04:00]} Rd2 {[%clk 00:18:06]} {[%emt 00:03:14]} 37.
Re1 {[%clk 00:36:22]} {[%emt 00:02:45]} Nd6 {[%clk 00:18:27]} {[%emt 00:00:09]}
38. c5 {[%clk 00:36:50]} {[%emt 00:00:01]} Kb8 {[%clk 00:17:34]} {[%emt
00:01:24]} 39. cxd6 {[%clk 00:37:04]} {[%emt 00:00:16]} Rxd6 {[%clk 00:17:59]}
{[%emt 00:00:05]} 40. Be5 {[%clk 00:37:22]} {[%emt 00:00:12]} Kc7 {[%clk
00:18:23]} {[%emt 00:00:05]} 41. Rd1 {[%clk 00:37:21]} {[%emt 00:00:31]} Kb6
{[%clk 00:18:46]} {[%emt 00:00:07]} 42. Rxd6 {[%clk 00:37:37]} {[%emt
00:00:14]} Kxa6 {[%clk 00:19:13]} {[%emt 00:00:04]} 43. Rxc6+ {[%clk 00:37:51]}
{[%emt 00:00:16]} Ka5 {[%clk 00:19:42]} {[%emt 00:00:02]} 44. Rc7 {[%clk
00:38:01]} {[%emt 00:00:19]} Kb6 {[%clk 00:20:05]} {[%emt 00:00:07]} 45. Rxf7
{[%clk 00:38:15]} {[%emt 00:00:15]} a5 {[%clk 00:20:29]} {[%emt 00:00:07]} 46.
Bc7+ {[%clk 00:38:40]} {[%emt 00:00:04]} Kb5 {[%clk 00:20:57]} {[%emt
00:00:03]} 47. Bxa5 {[%clk 00:38:57]} {[%emt 00:00:13]} Kxa5 {[%clk 00:21:25]}
{[%emt 00:00:02]} 48. Rb7 {[%clk 00:39:10]} {[%emt 00:00:16]} 1-0

[Event "ODJM B 2024"]
[Site "Willingen GER"]
[Date "2024.05.21"]
[Round "4"]
[White "Rabus, Johann"]
[Black "He, Saiqi"]
[Result "0-1"]
[Termination "normal"]
[Board "47"]
[WhiteElo "1597"]
[BlackElo "1659"]
[WhiteClock "00:53:37"]
[BlackClock "00:20:45"]
[PlyCount "36"]
[WhiteFideId "34602950"]
[BlackFideId "16292723"]
[EventCountry "GER"]
[EventRounds "9"]
[EventType "swiss"]
[EventDate "2024.05.18"]

1. e4 {[%clk 01:30:57]} {[%emt 00:00:02]} e5 {[%clk 01:30:57]} {[%emt
00:00:03]} 2. Nf3 {[%clk 01:31:23]} {[%emt 00:00:04]} Nc6 {[%clk 01:31:23]}
{[%emt 00:00:05]} 3. Bc4 {[%clk 01:31:47]} {[%emt 00:00:05]} Bc5 {[%clk
01:31:48]} {[%emt 00:00:05]} 4. b4 {[%clk 01:32:13]} {[%emt 00:00:04]} Bxb4
{[%clk 01:31:21]} {[%emt 00:00:57]} 5. c3 {[%clk 01:32:38]} {[%emt 00:00:05]}
Be7 {[%clk 01:31:43]} {[%emt 00:00:09]} 6. d4 {[%clk 01:33:02]} {[%emt
00:00:06]} Na5 {[%clk 01:21:53]} {[%emt 00:10:20]} 7. Be2 {[%clk 01:32:35]}
{[%emt 00:00:56]} d5 {[%clk 00:54:28]} {[%emt 00:27:55]} 8. Qa4+ {[%clk
01:26:07]} {[%emt 00:06:58]} c6 {[%clk 00:54:23]} {[%emt 00:00:35]} 9. exd5
{[%clk 01:26:05]} {[%emt 00:00:32]} e4 {[%clk 00:45:51]} {[%emt 00:09:02]} 10.
Ne5 {[%clk 01:23:54]} {[%emt 00:02:42]} Qxd5 {[%clk 00:45:47]} {[%emt
00:00:33]} 11. Be3 {[%clk 01:23:42]} {[%emt 00:00:42]} Bd8 {[%clk 00:37:36]}
{[%emt 00:08:27]} 12. Nd2 {[%clk 01:17:57]} {[%emt 00:06:29]} Nf6 {[%clk
00:22:15]} {[%emt 00:15:51]} 13. Bg5 {[%clk 00:55:18]} {[%emt 00:23:09]} e3
{[%clk 00:21:36]} {[%emt 00:01:09]} 14. Ndf3 {[%clk 00:53:49]} {[%emt
00:01:59]} exf2+ {[%clk 00:21:43]} {[%emt 00:00:23]} 15. Kxf2 {[%clk 00:54:07]}
{[%emt 00:00:12]} Ne4+ {[%clk 00:21:24]} {[%emt 00:00:49]} 16. Ke1 {[%clk
00:53:51]} {[%emt 00:00:46]} Nxg5 {[%clk 00:20:30]} {[%emt 00:01:24]} 17. Nxg5
{[%clk 00:54:03]} {[%emt 00:00:17]} Bxg5 {[%clk 00:20:41]} {[%emt 00:00:19]}
18. c4 {[%clk 00:53:37]} {[%emt 00:00:57]} Qxd4 {[%clk 00:20:45]} {[%emt
00:00:26]} 0-1

[Event "ODJM B 2024"]
[Site "Willingen GER"]
[Date "2024.05.21"]
[Round "4"]
[White "Wellßow, Lio Keanu"]
[Black "Jung, Marcel"]
[Result "0-1"]
[Termination "normal"]
[Board "48"]
[WhiteElo "1486"]
[BlackElo "1709"]
[WhiteClock "01:17:31"]
[BlackClock "01:00:41"]
[PlyCount "34"]
[WhiteFideId "16252837"]
[BlackFideId "34673881"]
[EventCountry "GER"]
[EventRounds "9"]
[EventType "swiss"]
[EventDate "2024.05.18"]

1. d4 {[%clk 01:30:53]} {[%emt 00:00:06]} Nf6 {[%clk 01:30:44]} {[%emt
00:00:16]} 2. c4 {[%clk 01:31:08]} {[%emt 00:00:15]} g6 {[%clk 01:30:34]}
{[%emt 00:00:40]} 3. Nc3 {[%clk 01:31:17]} {[%emt 00:00:21]} Bg7 {[%clk
01:30:24]} {[%emt 00:00:40]} 4. Nf3 {[%clk 01:31:23]} {[%emt 00:00:24]} O-O
{[%clk 01:30:03]} {[%emt 00:00:51]} 5. Bf4 {[%clk 01:30:19]} {[%emt 00:01:34]}
d6 {[%clk 01:29:13]} {[%emt 00:01:20]} 6. g3 {[%clk 01:27:38]} {[%emt
00:03:12]} Nbd7 {[%clk 01:27:20]} {[%emt 00:02:24]} 7. Bg2 {[%clk 01:27:40]}
{[%emt 00:00:27]} c5 {[%clk 01:27:00]} {[%emt 00:00:50]} 8. d5 {[%clk
01:25:30]} {[%emt 00:02:40]} Nb6 {[%clk 01:25:15]} {[%emt 00:02:15]} 9. Nd2
{[%clk 01:24:30]} {[%emt 00:01:30]} Nh5 {[%clk 01:23:25]} {[%emt 00:02:20]} 10.
Bg5 {[%clk 01:23:09]} {[%emt 00:01:52]} h6 {[%clk 01:23:01]} {[%emt 00:00:54]}
11. Be3 {[%clk 01:20:00]} {[%emt 00:03:39]} f5 {[%clk 01:17:33]} {[%emt
00:05:58]} 12. f4 {[%clk 01:19:40]} {[%emt 00:00:49]} g5 {[%clk 01:00:59]}
{[%emt 00:17:04]} 13. fxg5 {[%clk 01:17:40]} {[%emt 00:02:31]} f4 {[%clk
01:00:45]} {[%emt 00:00:44]} 14. gxf4 {[%clk 01:17:08]} {[%emt 00:01:02]} Nxf4
{[%clk 01:01:08]} {[%emt 00:00:07]} 15. Bxf4 {[%clk 01:17:21]} {[%emt
00:00:17]} Rxf4 {[%clk 01:01:20]} {[%emt 00:00:17]} 16. gxh6 {[%clk 01:17:16]}
{[%emt 00:00:35]} e6 {[%clk 01:00:41]} {[%emt 00:01:10]} 17. hxg7 {[%clk
01:17:31]} {[%emt 00:00:14]} Qh4# {[%emt 00:00:38]} 0-1

[Event "ODJM B 2024"]
[Site "Willingen GER"]
[Date "2024.05.21"]
[Round "4"]
[White "Kühne, Malin"]
[Black "Lohrmann, Linus"]
[Result "1/2-1/2"]
[Termination "normal"]
[Board "49"]
[WhiteElo "1546"]
[BlackElo "1621"]
[WhiteClock "00:16:59"]
[BlackClock "00:17:55"]
[PlyCount "41"]
[WhiteFideId "34619747"]
[BlackFideId "12982857"]
[EventCountry "GER"]
[EventRounds "9"]
[EventType "swiss"]
[EventDate "2024.05.18"]

1. e4 {[%clk 01:30:57]} {[%emt 00:00:02]} e5 {[%clk 01:30:57]} {[%emt
00:00:04]} 2. Nf3 {[%clk 01:31:23]} {[%emt 00:00:04]} Nc6 {[%clk 01:31:22]}
{[%emt 00:00:05]} 3. c3 {[%clk 01:31:46]} {[%emt 00:00:06]} Bc5 {[%clk
01:31:20]} {[%emt 00:00:33]} 4. d4 {[%clk 01:24:13]} {[%emt 00:08:03]} exd4
{[%clk 01:30:44]} {[%emt 00:01:06]} 5. cxd4 {[%clk 01:24:31]} {[%emt 00:00:11]}
Bb4+ {[%clk 01:29:02]} {[%emt 00:02:12]} 6. Bd2 {[%clk 01:19:57]} {[%emt
00:05:04]} Bxd2+ {[%clk 01:26:19]} {[%emt 00:03:13]} 7. Qxd2 {[%clk 01:19:18]}
{[%emt 00:01:09]} Qe7 {[%clk 01:21:01]} {[%emt 00:05:48]} 8. Nc3 {[%clk
01:15:56]} {[%emt 00:03:52]} d6 {[%clk 01:15:58]} {[%emt 00:05:34]} 9. Bb5
{[%clk 01:11:26]} {[%emt 00:05:00]} Bd7 {[%clk 01:06:55]} {[%emt 00:09:32]} 10.
O-O {[%clk 01:09:29]} {[%emt 00:02:27]} O-O-O {[%clk 01:00:12]} {[%emt
00:07:14]} 11. Rac1 {[%clk 01:04:36]} {[%emt 00:05:22]} Nf6 {[%clk 00:55:22]}
{[%emt 00:05:20]} 12. Rfe1 {[%clk 01:02:03]} {[%emt 00:03:03]} a6 {[%clk
00:53:44]} {[%emt 00:02:08]} 13. Ba4 {[%clk 00:55:53]} {[%emt 00:06:39]} Na7
{[%clk 00:43:48]} {[%emt 00:10:28]} 14. Bxd7+ {[%clk 00:52:48]} {[%emt
00:03:34]} Qxd7 {[%clk 00:38:36]} {[%emt 00:05:42]} 15. Qc2 {[%clk 00:45:49]}
{[%emt 00:07:27]} Kb8 {[%clk 00:30:29]} {[%emt 00:08:39]} 16. b4 {[%clk
00:35:10]} {[%emt 00:11:09]} Rc8 {[%clk 00:23:04]} {[%emt 00:07:55]} 17. a4
{[%clk 00:29:57]} {[%emt 00:05:43]} c5 {[%clk 00:19:33]} {[%emt 00:04:01]} 18.
dxc5 {[%clk 00:24:00]} {[%emt 00:06:27]} dxc5 {[%clk 00:19:42]} {[%emt
00:00:21]} 19. bxc5 {[%clk 00:23:23]} {[%emt 00:01:07]} Rxc5 {[%clk 00:19:41]}
{[%emt 00:00:32]} 20. Qb3 {[%clk 00:18:24]} {[%emt 00:05:27]} Rhc8 {[%clk
00:17:55]} {[%emt 00:02:16]} 21. Na2 {[%clk 00:16:59]} {[%emt 00:01:55]}
1/2-1/2

[Event "ODJM B 2024"]
[Site "Willingen GER"]
[Date "2024.05.21"]
[Round "4"]
[White "Rose, Simeon"]
[Black "Symanski, Linda"]
[Result "1-0"]
[Termination "normal"]
[Board "50"]
[WhiteElo "1695"]
[BlackElo "1542"]
[WhiteClock "00:03:35"]
[BlackClock "00:08:59"]
[PlyCount "79"]
[WhiteFideId "34625062"]
[BlackFideId "16284534"]
[EventCountry "GER"]
[EventRounds "9"]
[EventType "swiss"]
[EventDate "2024.05.18"]

1. e4 {[%clk 01:30:58]} {[%emt 00:00:01]} d5 {[%clk 01:30:53]} {[%emt
00:00:07]} 2. exd5 {[%clk 01:31:23]} {[%emt 00:00:05]} Nf6 {[%clk 01:31:19]}
{[%emt 00:00:05]} 3. Nc3 {[%clk 01:29:06]} {[%emt 00:02:47]} Nxd5 {[%clk
01:31:30]} {[%emt 00:00:18]} 4. Nxd5 {[%clk 01:27:24]} {[%emt 00:02:12]} Qxd5
{[%clk 01:31:53]} {[%emt 00:00:07]} 5. d4 {[%clk 01:25:18]} {[%emt 00:02:36]}
Nc6 {[%clk 01:27:58]} {[%emt 00:04:25]} 6. Nf3 {[%clk 01:20:49]} {[%emt
00:05:00]} Bg4 {[%clk 01:21:03]} {[%emt 00:07:24]} 7. c4 {[%clk 01:08:43]}
{[%emt 00:12:36]} Qd8 {[%clk 01:06:13]} {[%emt 00:15:20]} 8. d5 {[%clk
01:01:37]} {[%emt 00:07:36]} Ne5 {[%clk 01:04:00]} {[%emt 00:02:43]} 9. Be2
{[%clk 00:52:25]} {[%emt 00:09:42]} Bxf3 {[%clk 01:02:24]} {[%emt 00:02:06]}
10. Bxf3 {[%clk 00:52:31]} {[%emt 00:00:24]} Nxc4 {[%clk 01:02:43]} {[%emt
00:00:12]} 11. Qa4+ {[%clk 00:52:43]} {[%emt 00:00:17]} Qd7 {[%clk 00:59:52]}
{[%emt 00:03:21]} 12. Qxc4 {[%clk 00:52:52]} {[%emt 00:00:21]} g6 {[%clk
00:58:25]} {[%emt 00:01:57]} 13. Qb3 {[%clk 00:41:05]} {[%emt 00:12:18]} b6
{[%clk 00:54:03]} {[%emt 00:04:52]} 14. O-O {[%clk 00:38:05]} {[%emt 00:03:30]}
Bg7 {[%clk 00:51:19]} {[%emt 00:03:13]} 15. d6 {[%clk 00:37:02]} {[%emt
00:01:34]} Rd8 {[%clk 00:47:58]} {[%emt 00:03:50]} 16. dxe7 {[%clk 00:36:26]}
{[%emt 00:01:06]} Qxe7 {[%clk 00:47:10]} {[%emt 00:01:18]} 17. Bc6+ {[%clk
00:35:11]} {[%emt 00:01:45]} Kf8 {[%clk 00:47:14]} {[%emt 00:00:25]} 18. Be3
{[%clk 00:27:19]} {[%emt 00:08:21]} Qf6 {[%clk 00:44:52]} {[%emt 00:02:53]} 19.
Bd5 {[%clk 00:20:25]} {[%emt 00:07:25]} Qxb2 {[%clk 00:41:17]} {[%emt
00:04:05]} 20. Rad1 {[%clk 00:17:40]} {[%emt 00:03:15]} Qxb3 {[%clk 00:34:46]}
{[%emt 00:07:02]} 21. axb3 {[%clk 00:17:53]} {[%emt 00:00:17]} a5 {[%clk
00:30:14]} {[%emt 00:05:01]} 22. Bf4 {[%clk 00:16:58]} {[%emt 00:01:25]} Rc8
{[%clk 00:29:05]} {[%emt 00:01:40]} 23. Bb7 {[%clk 00:16:12]} {[%emt 00:01:16]}
Rb8 {[%clk 00:29:20]} {[%emt 00:00:15]} 24. Bc6 {[%clk 00:15:52]} {[%emt
00:00:49]} Kg8 {[%clk 00:25:58]} {[%emt 00:03:53]} 25. Bxc7 {[%clk 00:13:55]}
{[%emt 00:02:27]} Rc8 {[%clk 00:26:08]} {[%emt 00:00:21]} 26. Rd7 {[%emt
00:00:23]} h5 {[%clk 00:22:03]} {[%emt 00:04:33]} 27. Bd5 {[%clk 00:13:33]}
{[%emt 00:01:00]} b5 {[%clk 00:19:19]} {[%emt 00:03:15]} 28. Bxa5 {[%clk
00:13:01]} {[%emt 00:01:01]} Rc2 {[%clk 00:17:30]} {[%emt 00:02:18]} 29. Rxf7
{[%clk 00:10:57]} {[%emt 00:02:35]} Kh7 {[%clk 00:17:41]} {[%emt 00:00:19]} 30.
Rb7 {[%clk 00:09:56]} {[%emt 00:01:30]} Rc5 {[%clk 00:17:19]} {[%emt 00:00:53]}
31. Rd1 {[%clk 00:09:30]} {[%emt 00:00:52]} Rhc8 {[%clk 00:16:21]} {[%emt
00:01:31]} 32. h3 {[%clk 00:08:41]} {[%emt 00:01:20]} Kh8 {[%clk 00:14:29]}
{[%emt 00:02:22]} 33. Bb4 {[%clk 00:05:41]} {[%emt 00:03:31]} Rc1 {[%clk
00:13:26]} {[%emt 00:01:33]} 34. Rxc1 {[%clk 00:05:41]} {[%emt 00:00:29]} Rxc1+
{[%clk 00:13:52]} {[%emt 00:00:04]} 35. Kh2 {[%clk 00:06:01]} {[%emt 00:00:10]}
Rc2 {[%clk 00:12:44]} {[%emt 00:01:38]} 36. f4 {[%clk 00:04:24]} {[%emt
00:02:07]} Rb2 {[%clk 00:10:14]} {[%emt 00:03:00]} 37. Rxb5 {[%clk 00:03:39]}
{[%emt 00:01:16]} Bd4 {[%clk 00:10:03]} {[%emt 00:00:40]} 38. Bd6 {[%clk
00:02:55]} {[%emt 00:01:14]} h4 {[%clk 00:09:35]} {[%emt 00:00:58]} 39. Be5+
{[%clk 00:02:42]} {[%emt 00:00:43]} Bxe5 {[%clk 00:08:59]} {[%emt 00:01:42]}
40. fxe5 {[%clk 00:03:35]} {[%emt 00:00:02]} 1-0

[Event "ODJM B 2024"]
[Site "Willingen GER"]
[Date "2024.05.21"]
[Round "4"]
[White "Hoffmann, Svenja"]
[Black "Farokhi, Darian"]
[Result "0-1"]
[Termination "normal"]
[Board "51"]
[WhiteElo "1621"]
[BlackElo "1691"]
[WhiteClock "00:30:04"]
[BlackClock "00:04:05"]
[PlyCount "78"]
[WhiteFideId "16287312"]
[BlackFideId "16253108"]
[EventCountry "GER"]
[EventRounds "9"]
[EventType "swiss"]
[EventDate "2024.05.18"]

1. e4 {[%clk 01:30:30]} {[%emt 00:00:29]} c5 {[%clk 01:30:52]} {[%emt
00:00:08]} 2. Nf3 {[%clk 01:30:05]} {[%emt 00:00:56]} g6 {[%clk 01:31:11]}
{[%emt 00:00:11]} 3. d4 {[%clk 01:30:19]} {[%emt 00:00:15]} cxd4 {[%clk
01:31:34]} {[%emt 00:00:07]} 4. Nxd4 {[%clk 01:30:44]} {[%emt 00:00:06]} Bg7
{[%clk 01:31:49]} {[%emt 00:00:14]} 5. Nc3 {[%clk 01:31:06]} {[%emt 00:00:09]}
Nc6 {[%clk 01:32:06]} {[%emt 00:00:13]} 6. Be3 {[%clk 01:31:27]} {[%emt
00:00:08]} Nf6 {[%clk 01:32:22]} {[%emt 00:00:14]} 7. f3 {[%clk 01:31:50]}
{[%emt 00:00:07]} O-O {[%clk 01:32:39]} {[%emt 00:00:13]} 8. Qd2 {[%clk
01:32:13]} {[%emt 00:00:07]} d5 {[%clk 01:31:44]} {[%emt 00:01:25]} 9. Nxc6
{[%clk 01:25:37]} {[%emt 00:07:07]} bxc6 {[%clk 01:32:02]} {[%emt 00:00:12]}
10. O-O-O {[%clk 01:26:00]} {[%emt 00:00:07]} Be6 {[%clk 01:07:51]} {[%emt
00:24:41]} 11. Bh6 {[%clk 01:12:28]} {[%emt 00:14:02]} dxe4 {[%clk 01:02:27]}
{[%emt 00:05:54]} 12. Bxg7 {[%clk 01:12:00]} {[%emt 00:00:58]} Kxg7 {[%clk
00:59:22]} {[%emt 00:03:36]} 13. Qe2 {[%clk 01:04:46]} {[%emt 00:07:43]} Qa5
{[%clk 00:56:10]} {[%emt 00:03:42]} 14. a3 {[%clk 00:56:32]} {[%emt 00:08:45]}
exf3 {[%clk 00:55:44]} {[%emt 00:00:56]} 15. gxf3 {[%clk 00:55:25]} {[%emt
00:01:37]} Rab8 {[%clk 00:48:30]} {[%emt 00:07:43]} 16. Rd4 {[%clk 00:52:49]}
{[%emt 00:03:07]} Rfd8 {[%clk 00:34:41]} {[%emt 00:14:19]} 17. Ra4 {[%clk
00:52:03]} {[%emt 00:01:17]} Qc5 {[%clk 00:33:27]} {[%emt 00:01:41]} 18. Qe1
{[%clk 00:45:31]} {[%emt 00:07:03]} a5 {[%clk 00:23:27]} {[%emt 00:10:32]} 19.
Ne4 {[%clk 00:41:56]} {[%emt 00:04:04]} Nxe4 {[%clk 00:23:32]} {[%emt
00:00:24]} 20. Rxe4 {[%clk 00:41:29]} {[%emt 00:00:56]} Qg5+ {[%clk 00:12:54]}
{[%emt 00:11:08]} 21. f4 {[%clk 00:41:05]} {[%emt 00:00:55]} Qf6 {[%clk
00:13:13]} {[%emt 00:00:11]} 22. c3 {[%clk 00:40:04]} {[%emt 00:01:31]} Bd5
{[%clk 00:12:14]} {[%emt 00:01:30]} 23. Bg2 {[%clk 00:37:33]} {[%emt 00:03:00]}
Bxe4 {[%clk 00:12:19]} {[%emt 00:00:25]} 24. Qxe4 {[%clk 00:37:49]} {[%emt
00:00:14]} Rd6 {[%clk 00:11:10]} {[%emt 00:01:39]} 25. Bh3 {[%clk 00:34:41]}
{[%emt 00:03:37]} Rbd8 {[%clk 00:09:22]} {[%emt 00:02:19]} 26. f5 {[%clk
00:30:15]} {[%emt 00:04:56]} Qg5+ {[%clk 00:09:04]} {[%emt 00:00:48]} 27. Kb1
{[%clk 00:30:36]} {[%emt 00:00:08]} Rd1+ {[%clk 00:08:37]} {[%emt 00:00:57]}
28. Rxd1 {[%clk 00:30:54]} {[%emt 00:00:13]} Rxd1+ {[%clk 00:08:56]} {[%emt
00:00:11]} 29. Ka2 {[%clk 00:31:17]} {[%emt 00:00:06]} Qf6 {[%clk 00:08:21]}
{[%emt 00:01:06]} 30. fxg6 {[%clk 00:31:25]} {[%emt 00:00:22]} hxg6 {[%clk
00:08:39]} {[%emt 00:00:12]} 31. Bg2 {[%clk 00:31:00]} {[%emt 00:00:54]} Rd6
{[%clk 00:06:44]} {[%emt 00:02:25]} 32. Qa4 {[%clk 00:30:54]} {[%emt 00:00:36]}
Qe6+ {[%clk 00:07:08]} {[%emt 00:00:06]} 33. c4 {[%clk 00:31:03]} {[%emt
00:00:21]} Rd4 {[%clk 00:05:11]} {[%emt 00:02:26]} 34. Bf1 {[%clk 00:30:49]}
{[%emt 00:00:45]} Qf5 {[%clk 00:04:41]} {[%emt 00:00:51]} 35. Bg2 {[%clk
00:30:24]} {[%emt 00:01:03]} Qe6 {[%clk 00:04:51]} {[%emt 00:00:20]} 36. Bf1
{[%clk 00:30:34]} {[%emt 00:00:22]} Qe1 {[%clk 00:04:48]} {[%emt 00:00:32]} 37.
Bg2 {[%clk 00:30:33]} {[%emt 00:00:31]} Rd1 {[%clk 00:04:36]} {[%emt 00:00:42]}
38. Qc2 {[%clk 00:30:07]} {[%emt 00:00:55]} Rc1 {[%clk 00:03:55]} {[%emt
00:01:12]} 39. Qd3 {[%clk 00:30:04]} {[%emt 00:00:32]} a4 {[%clk 00:04:05]}
{[%emt 00:00:21]} 0-1